| 000 | 00405nam a2200169Ia 4500 | ||
|---|---|---|---|
| 008 | 170705s9999 xx 000 0 und d | ||
| 020 | _a9780590444552 | ||
| 245 | _aBig Al / | ||
| 245 | _cby Andrew Clements ; illustrated by Yoshi. | ||
| 260 | _aNew York : | ||
| 260 | _bScholastic, | ||
| 260 | _c1988 | ||
| 300 | _aunpaged : | ||
| 300 | _bcolor illustration ; | ||
| 300 | _c21cm. | ||
| 500 | _a880 | ||
| 999 |
_c337021 _d337021 |
||